Stadiony na Euro 2012 - Statystyki

Ogólne statystyki
  • Ten quiz został rozwiązany 18 razy
  • Średni wynik to 4 z 8
Statystyki odpowiedzi
miasto stadion % Poprawnych
Warszawa PGE Narodowy
100%
Wrocław Tarczyński Arena
80%
Poznań ENEA Stadion
73%
Gdańsk Polsat Plus Arena
67%
Donieck Donbas Arena
40%
Kijów Stadion Olimpijski
27%
Charków Stadion Metalist
20%
Lwów Arena Lwów
13%
Nie znaleziono quizów pasujących do podanych kryteriów
Rozkład punktacji
Procent ludzi z każdym wynikiem
Percentyl według liczby udzielonych odpowiedzi
Twoja historia wyników
Nie rozwiązałeś tego quizu